000 00988nam0a22002771 4500
001 rc\691370
005 20031121170232.1
035 _a(NLR Aleph) 005927977
090 _a6547656
_c6547656
100 _a20031121d1985 u |0rusy50 ca
101 0 _arus
102 _aRU
105 _aa |||||||||
200 1 _aРусская речь
_eУчеб. для VI кл. арм. шк.
_fБ.М. Есаджанян, С.Х. Григорян, Н.Т. Елисова-Туманян
205 _a3-е изд.
210 _aЕреван
_cЛуйс
_d1985
215 _a256 с.
_cил.
_d22
300 _aНа пер. авт. не указаны
700 1 _aЕсаджанян
_bБ. М.
_f1930-
_gБелла Марковна
701 1 _aГригорян
_bС. Х.
_gСофья Хачатуровна
701 1 _aЕлисова-Туманян
_bН. Т.
_gНина Тиграновна
801 0 _aRU
_bNLR
_gpsbo
801 1 _aRU
_bELAR
_2rusmarc
852 _aNLR
_j84-5/6656
942 _cBOOK
980 _aNB